| 000 -LEADER |
| fixed length control field |
00785nam a22002057a 4500 |
| 001 - CONTROL NUMBER |
| control field |
21458 |
| 003 - CONTROL NUMBER IDENTIFIER |
| control field |
BD-DhUAP |
| 005 - DATE AND TIME OF LATEST TRANSACTION |
| control field |
20220111200908.0 |
| 008 - FIXED-LENGTH DATA ELEMENTS--GENERAL INFORMATION |
| fixed length control field |
220108b20162018bg a|||| |||| 00| 0bben d |
| 020 ## - INTERNATIONAL STANDARD BOOK NUMBER |
| International Standard Book Number |
9844650402 |
| 040 ## - CATALOGING SOURCE |
| Original cataloging agency |
BD-DhUAP |
| Language of cataloging |
ben |
| Transcribing agency |
BD-DhUAP |
| Modifying agency |
BD-DhUAP |
| Description conventions |
BD-DhUAP |
| 082 ## - DEWEY DECIMAL CLASSIFICATION NUMBER |
| Edition number |
23 |
| Classification number |
954.92 AHM |
| 100 ## - MAIN ENTRY--PERSONAL NAME |
| Personal name |
আহমদ, ফয়েজ । |
| 245 ## - TITLE STATEMENT |
| Title |
আগরতলা মামলা', শেখ মুজিব ও বাংলার বিদ্রোহ / |
| Statement of responsibility, etc. |
ফয়েজ আহমদ । |
| 260 ## - PUBLICATION, DISTRIBUTION, ETC. |
| Place of publication, distribution, etc. |
ঢাকা : |
| Name of publisher, distributor, etc. |
সাহিত্য, |
| Date of publication, distribution, etc. |
২০১৮ । |
| 300 ## - PHYSICAL DESCRIPTION |
| Extent |
১২৮ পৃ. : |
| Other physical details |
চিত্র ; |
| Dimensions |
২২ সেমি । |
| 650 ## - SUBJECT ADDED ENTRY--TOPICAL TERM |
| Topical term or geographic name entry element |
বাংলাদেশ । |
| General subdivision |
ইতিহাস । |
| 650 ## - SUBJECT ADDED ENTRY--TOPICAL TERM |
| Topical term or geographic name entry element |
Bangladesh - History |
| 942 ## - ADDED ENTRY ELEMENTS (KOHA) |
| Source of classification or shelving scheme |
|
| Koha item type |
Book |